Characterization of heterogeneous catalysts /

Bibliographic Details
Other Authors: Delannay, Francis, 1948-
Format: Book
Language:English
Published: New York : M. Dekker, [1984]
Series:Chemical industries ; v. 15.
Subjects:

MARC

Tag First Indicator Second Indicator Subfields
LEADER 00000pam a2200000 a 4500
001 in00000525922
005 20151013092312.0
008 831212s1984 nyua b 00100 eng
010 |a  83026256  
020 |a 0824771001 
035 |a (OCoLC)10277579 
035 |9 ACG0063AM 
039 0 |a 2  |b 3  |c 3  |d 3  |e 3 
040 |a DLC  |c DLC  |d TXA  |d UtOrBLW 
049 |a TXAM  |c [1486114] 
050 0 0 |a QD505  |b .C46 1984 
082 0 |a 541.3/95  |2 19 
245 0 0 |a Characterization of heterogeneous catalysts /  |c edited by Francis Delannay. 
264 1 |a New York :  |b M. Dekker,  |c [1984] 
264 4 |c ©1984 
300 |a x, 409 pages :  |b illustrations ;  |c 24 cm. 
336 |a text  |b txt  |2 rdacontent 
337 |a unmediated  |b n  |2 rdamedia 
338 |a volume  |b nc  |2 rdacarrier 
490 1 |a Chemical industries ;  |v v. 15 
504 |a Includes bibliographical references and index. 
650 0 |a Catalysts. 
700 1 |a Delannay, Francis,  |d 1948- 
830 0 |a Chemical industries ;  |v v. 15. 
999 |a MARS 
999 f f |s 6a78ef14-f0de-3342-9900-db7084e3c06b  |i 4cf9cd92-46d8-37ce-b2d3-1717317f38b9  |t 0 
952 f f |p ric  |a Texas A&M University  |b Rellis Campus  |c Joint Library Facility  |s JLF  |d Remote Storage  |t 0  |e QD505 .C46 1984  |h Library of Congress classification  |i unmediated -- volume  |m A14808068588 
998 f f |a QD505 .C46 1984  |t 0  |l Remote Storage